[Event "HUN-chT U18"]
[Site "Budapest"]
[Date "2022.11.01"]
[Round "2.2"]
[White "Tancz, Janos"]
[Black "Daroczi, Donat"]
[Result "0-1"]
[WhiteElo "1539"]
[BlackElo "2194"]
[PlyCount "72"]
[EventDate "2022.10.31"]
[EventType "team-swiss"]
[EventRounds "7"]
[EventCountry "HUN"]
[SourceTitle "CBM 211 Extra"]
[Source "ChessBase"]
[SourceDate "2023.01.31"]
[SourceVersion "1"]
[SourceVersionDate "2023.01.31"]
[SourceQuality "1"]
[WhiteTeam "Barcza GSC"]
[BlackTeam "Kobanya Aquarena"]
[WhiteTeamCountry "HUN"]
[BlackTeamCountry "HUN"]

1. e4 c5 2. Nf3 d6 3. d4 cxd4 4. Nxd4 Nf6 5. Nc3 g6 6. f3 Bg7 7. Be3 Nc6 8. Qd2 0-0 9. 0-0-0 d5 10. exd5 Nxd5 11. Nxd5 Qxd5 12. Nb3 Qe5 13. c3 Qc7 14. Bh6 a5 15. Bxg7 Kxg7 16. Nd4 a4 17. Nxc6 bxc6 18. Kb1 Be6 19. Bc4 Rfd8 20. Qe2 Bd5 21. Bxd5 cxd5 22. Rhe1 Qxh2 23. Qxe7 Qxg2 24. Rh1 Qxf3 25. Qe5+ Kg8 26. Qh2 h5 27. Rdg1 a3 28. Qc2 Rd6 29. b3 Rc8 30. Re1 Rxc3 31. Re8+ Kg7 32. Qh2 Rf6 33. Re5 Qd3+ 34. Ka1 Rc2 35. Rxh5 Qc3+ 36. Kb1 Qb2# 0-1

[Event "HUN-ch U10"]
[Site "Balatonlelle"]
[Date "2016.06.24"]
[Round "1"]
[White "Tancz, Janos"]
[Black "Simon, Milan Gabor"]
[Result "0-1"]
[WhiteElo "1230"]
[BlackElo "1492"]
[PlyCount "90"]
[EventDate "2016.06.24"]
[EventType "swiss"]
[EventRounds "9"]
[EventCountry "HUN"]
[SourceTitle "CBM 173 Extra"]
[Source "ChessBase"]
[SourceDate "2016.08.29"]
[SourceVersion "1"]
[SourceVersionDate "2016.08.29"]
[SourceQuality "1"]

1. d4 d5 2. c4 e6 3. Nc3 Nf6 4. Bg5 Nbd7 5. cxd5 exd5 6. Nxd5 Nxd5 7. Bxd8 Bb4+ 8. Qd2 Bxd2+ 9. Kxd2 Kxd8 10. e4 Ne7 11. Bc4 Ke8 12. Nf3 Nb6 13. Bb3 Bd7 14. Ne5 f6 15. Nxd7 Kxd7 16. Rac1 Rhe8 17. Rhe1 Ng6 18. g3 Re7 19. Kd3 Rae8 20. f4 f5 21. e5 Nf8 22. a3 c6 23. Re2 Ne6 24. Ba2 Rc8 25. Rd1 Nd5 26. Bxd5 cxd5 27. Rdd2 Kd8 28. Ke3 Rec7 29. Kd3 Kd7 30. Ke3 Rc1 31. Kd3 a5 32. Ke3 b5 33. Kd3 b4 34. axb4 axb4 35. Ke3 R8c4 36. Rd3 Kc6 37. Red2 Kb5 38. Ke2 R4c2 39. Rxc2 Rxc2+ 40. Rd2 Rxd2+ 41. Kxd2 Kc4 42. Kc2 b3+ 43. Kd2 Kxd4 44. Ke2 Kc4 45. Ke3 d4+ 0-1